El significado de las Comunidades Eclesiales de Base (CEB'S) para las mujeres de Puerto Principe en torno a su vida cotidiana /
Kaydedildi:
| Yazar: | |
|---|---|
| Materyal Türü: | Tez Kitap |
| Dil: | İspanyolca |
| Baskı/Yayın Bilgisi: |
Guadalajara, México :
edición de autor,
1990
|
| Konular: | |
| Etiketler: |
Etiket eklenmemiş, İlk siz ekleyin!
|
MARC
| LEADER | 00000nam^a2200000^a^4500 | ||
|---|---|---|---|
| 001 | 000043609 | ||
| 005 | 20250521000000.0 | ||
| 009 | 20260310085821.409 | ||
| 037 | |a Acervo ITESO - Biblioteca | ||
| 041 | |a ESP | ||
| 090 | |a MCO. 5 | ||
| 100 | |a Toussaint Dit Herold, Emmanuel |e (autor) | ||
| 245 | 1 | 3 | |a El significado de las Comunidades Eclesiales de Base (CEB'S) para las mujeres de Puerto Principe en torno a su vida cotidiana / |c E. Toussaint Dit Herold. |
| 264 | 1 | |a Guadalajara, México : |b edición de autor, |c 1990 | |
| 300 | |a 269 p. | ||
| 336 | |a texto |b txt |2 rdacontenido | ||
| 337 | |a sin mediación |b n |2 rdamedio | ||
| 338 | |a volumen |b nc |2 rdasoporte | ||
| 502 | |a ITESO Tesis de Maestría en Comunicación | ||
| 649 | |a XX | ||
| 650 | |a Mujeres Haitianas - |x Condiciones Sociales y Culturales | ||
| 650 | |a Mujeres Haitianas - |x Condiciones Políticas | ||
| 650 | |a Vida Cotidiana - |z Haití | ||
| 650 | |a Capitalismo - |z Haití | ||
| 650 | |a Ideología - |z Haití | ||
| 650 | |a Análisis del Discurso - |z Haití | ||
| 650 | |c Comunidades Eclesiales de Base - |z Haití | ||
| 650 | |a Teología de la Liberación - |z Haití | ||
| 650 | |a Iglesia y Problemas Sociales - |z Haití | ||
| 650 | |a Cristianismo y Sociedad - |z Haití | ||
| 650 | |a Política y Religión - |z Haití | ||
| 650 | |a Sociología de la Religión | ||
| 650 | |a Sociología de la Comunicación | ||
| 910 | |a Fondo General | ||
| 920 | |a Impresos - Tesis del ITESO | ||
| 930 | |a Colección General | ||
| 905 | |a 104 | ||
| 901 | |a T003670100 |b IT2 |c TSS |i 800367 |u 20250521 | ||
| 902 | |a https://opac.biblio.iteso.mx/vufind/Record/000043609 | ||